| 000 | 00879nam a22002417a 4500 | ||
|---|---|---|---|
| 003 | DO-SdBNP | ||
| 005 | 20221025115500.0 | ||
| 007 | ta | ||
| 008 | 221025b1983 dr ||||| |||| 00| 0 spa d | ||
| 040 |
_aDO-SdBNP _bspa _cBNPHU |
||
| 082 | 4 |
_222 _bF356n,1983 |
|
| 111 |
_aFeria Nacional del Libro _n(XIª : _d1983: _cSanto Domingo) _982367 |
||
| 245 | 1 | 0 |
_aXI feria nacional del libro : _bprograma de clausura |
| 246 |
_aDecima primera feria nacional del libro: _bprograma de clausura |
||
| 260 | 4 |
_aSanto Domingo : _cSecretaría de Estado de Educación , _b1983. |
|
| 300 |
_a7 p. : _c21 cm. |
||
| 500 | _aHomenaje a Fernando Arturo de Meriño | ||
| 590 | _aInventariado 2022 / BT | ||
| 611 | 4 |
_aFeria nacional del Libro _d(1983: _cSanto Domingo, República Dominicana) _982368 |
|
| 650 | 4 |
_aFeria del libro _zRepública Dominicana _982369 |
|
| 910 | _aBtavárez | ||
| 942 |
_2ddc _cLF2 |
||
| 999 |
_c52634 _d52634 |
||